[Event "Skakthing Reykjavikur"]
[Site "Reykjavik"]
[Date "2017.01.29"]
[Round "7"]
[White "Kjartansson, Gudmundur"]
[Black "Ragnarsson, Dagur"]
[Result "1-0"]
[WhiteElo "2468"]
[BlackElo "2276"]
[PlyCount "93"]
[EventDate "2017.01.08"]
[EventType "swiss"]
[EventRounds "9"]
[EventCountry "ISL"]

1. d4 d5 2. c4 e6 3. Nc3 Nf6 4. cxd5 Nxd5 5. Nf3 c5 6. e3 Nxc3 7. bxc3 Be7 8.
Bd3 Nc6 9. O-O O-O 10. Bb2 Qc7 11. e4 e5 12. d5 Na5 13. c4 Bd6 14. Qd2 f5 15.
Bc3 b6 16. Bxa5 bxa5 17. exf5 Bxf5 18. Bxf5 Rxf5 19. Ng5 Qe7 20. Ne4 Rb8 21.
Qxa5 Rh5 22. Rfe1 Rh6 23. h3 Rb4 24. Rac1 Rg6 25. Re3 Rb2 26. Qa3 Rb8 27. Rce1
Bc7 28. Qxa7 Qd8 29. Qa3 Ra8 30. Qb2 Qc8 31. Rb1 Qa6 32. Qb7 Rb8 33. Qxb8+ Bxb8
34. Rxb8+ Kf7 35. Reb3 Rf6 36. d6 Rxd6 37. Nxd6+ Ke6 38. R3b6 Qxa2 39. R8b7 e4
40. Nb5+ Kf5 41. Rf7+ Ke5 42. Re7+ Kf4 43. Rxe4+ Kg5 44. Nd6 Qa7 45. Rg4+ Kh5
46. f4 h6 47. Nf5 1-0

[Event "Skakthing Reykjavikur"]
[Site "Reykjavik"]
[Date "2017.01.29"]
[Round "7"]
[White "Johannsson, Orn Leo"]
[Black "Thorfinnsson, Bjorn"]
[Result "0-1"]
[WhiteElo "2212"]
[BlackElo "2404"]
[PlyCount "58"]
[EventDate "2017.01.08"]
[EventType "swiss"]
[EventRounds "9"]
[EventCountry "ISL"]

1. e4 e5 2. Nf3 Nc6 3. d4 exd4 4. Nxd4 Bc5 5. Nxc6 Qf6 6. Qf3 dxc6 7. Nd2 Be6
8. Nb3 Bb6 9. c4 a5 10. a4 Qe7 11. Bd2 Nf6 12. h3 Nd7 13. Bc3 f6 14. O-O-O Ne5
15. Qg3 Bxc4 16. Bxc4 Nxc4 17. e5 fxe5 18. Rhe1 O-O 19. Re4 Bxf2 20. Qd3 b5 21.
axb5 cxb5 22. Qd5+ Qf7 23. Qc6 Be3+ 24. Kb1 a4 25. Nc5 Bxc5 26. Qxc5 a3 27.
Bxe5 Nd2+ 28. Rxd2 a2+ 29. Kc2 a1=Q 0-1

[Event "Skakthing Reykjavikur"]
[Site "Reykjavik"]
[Date "2017.01.29"]
[Round "7"]
[White "Ptacnikova, Lenka"]
[Black "Omarsson, Dadi"]
[Result "1-0"]
[WhiteElo "2210"]
[BlackElo "2197"]
[PlyCount "99"]
[EventDate "2017.01.08"]
[EventType "swiss"]
[EventRounds "9"]
[EventCountry "ISL"]

1. e4 c5 2. Nf3 d6 3. d4 cxd4 4. Nxd4 Nf6 5. Nc3 g6 6. g3 Nc6 7. Nde2 Bg7 8.
Bg2 O-O 9. h3 Rb8 10. a4 a6 11. O-O b5 12. axb5 axb5 13. Bg5 Nd7 14. Qc1 Re8
15. Rd1 b4 16. Nd5 Bb7 17. Rb1 Qc8 18. Be3 Ba8 19. b3 Nc5 20. g4 e6 21. Ndf4
Ne5 22. Ng3 Qc7 23. Nfe2 Ned7 24. Qd2 Nf6 25. f3 Red8 26. g5 Ne8 27. f4 f5 28.
exf5 gxf5 29. Bxa8 Rxa8 30. Qxb4 Rdc8 31. Nd4 h6 32. Nh5 hxg5 33. fxg5 Qf7 34.
Nxg7 Nxg7 35. Nb5 Rab8 36. c4 f4 37. Bf2 Qh5 38. h4 Nf5 39. Qe1 f3 40. Kh2 Kf7
41. Nxd6+ Nxd6 42. Rxd6 Qg4 43. Qg1 Qxg1+ 44. Kxg1 Ne4 45. Rd3 Rxc4 46. Re1
Rcb4 47. Rxf3+ Kg6 48. Rf4 Nxg5 49. Rxb4 Nf3+ 50. Kg2 1-0

[Event "Skakthing Reykjavikur"]
[Site "Reykjavik"]
[Date "2017.01.29"]
[Round "7"]
[White "Jonasson, Benedikt"]
[Black "Ingvason, Johann"]
[Result "1-0"]
[WhiteElo "2208"]
[BlackElo "2124"]
[PlyCount "47"]
[EventDate "2017.01.08"]
[EventType "swiss"]
[EventRounds "9"]
[EventCountry "ISL"]

1. e4 c6 2. d4 d5 3. exd5 cxd5 4. Bd3 Nc6 5. c3 Qc7 6. Nf3 Bg4 7. Bg5 e6 8.
Nbd2 Bd6 9. Qc2 Nge7 10. Bh4 Ng6 11. Bg3 Nf4 12. O-O h5 13. Rfe1 Nxd3 14. Qxd3
Bxg3 15. hxg3 Ne7 16. Ne5 Bf5 17. Qb5+ Nc6 18. Ndf3 O-O 19. Nh4 Be4 20. Nxc6
bxc6 21. Qe2 c5 22. dxc5 Qxc5 23. Qxh5 a5 24. Rxe4 1-0

[Event "Skakthing Reykjavikur"]
[Site "Reykjavik"]
[Date "2017.01.29"]
[Round "7"]
[White "Fridjonsson, Julius"]
[Black "Olafsson, Thorvardur"]
[Result "0-1"]
[WhiteElo "2145"]
[BlackElo "2188"]
[PlyCount "112"]
[EventDate "2017.01.08"]
[EventType "swiss"]
[EventRounds "9"]
[EventCountry "ISL"]

1. c4 Nf6 2. Nc3 g6 3. g3 Bg7 4. Bg2 O-O 5. Nf3 d5 6. cxd5 Nxd5 7. O-O Nc6 8.
d4 Nb6 9. e3 Re8 10. Qe2 e5 11. dxe5 Nxe5 12. Nxe5 Bxe5 13. Rd1 Qe7 14. e4 c6
15. Be3 Be6 16. f4 Bg7 17. Qf2 Nc4 18. Bc5 Qc7 19. Bd4 Bxd4 20. Rxd4 Rad8 21.
f5 Rxd4 22. Qxd4 Rd8 23. Qf6 Bc8 24. b3 Ne5 25. h3 Rd2 26. fxg6 hxg6 27. Rd1
Qb6+ 28. Kh2 Rxd1 29. Nxd1 Qd4 30. Qf1 Bg4 31. Nf2 Be6 32. Qe2 a5 33. Qc2 Kg7
34. Nd1 b5 35. Qb2 c5 36. Qxd4 cxd4 37. Bf1 b4 38. Nb2 Kf6 39. Kg2 Bd7 40. Kf2
Bc6 41. Bg2 Ke6 42. h4 Bb5 43. Bh3+ Kd6 44. Bf1 Ng4+ 45. Ke1 Bxf1 46. Kxf1 Ke5
47. Ke2 Kxe4 48. Nc4 d3+ 49. Kd2 Kd4 50. Nxa5 Ne5 51. g4 Nf3+ 52. Kd1 Nxh4 53.
Nc6+ Kc3 54. Nxb4 Kxb4 55. Kd2 Nf3+ 56. Kxd3 Ne5+ 0-1

[Event "Skakthing Reykjavikur"]
[Site "Reykjavik"]
[Date "2017.01.29"]
[Round "7"]
[White "Jonsson, Gauti Pall"]
[Black "Viglundsson, Bjorgvin"]
[Result "0-1"]
[WhiteElo "2036"]
[BlackElo "2185"]
[PlyCount "80"]
[EventDate "2017.01.08"]
[EventType "swiss"]
[EventRounds "9"]
[EventCountry "ISL"]

1. Nf3 d5 2. c4 c6 3. g3 Nf6 4. Bg2 Bf5 5. b3 e6 6. Bb2 Be7 7. O-O O-O 8. d4
Nbd7 9. Nc3 Ne4 10. Nd2 Nxc3 11. Bxc3 Nf6 12. Re1 Qb6 13. e4 dxe4 14. Nxe4 Bxe4
15. Bxe4 Bb4 16. Bxb4 Qxb4 17. Qc2 Rfd8 18. Rad1 Nxe4 19. Qxe4 Rd7 20. Re2 Rad8
21. Red2 a5 22. h4 a4 23. Rd3 h6 24. Kg2 axb3 25. axb3 Qa5 26. f4 Qh5 27. Kh3
Qa5 28. g4 h5 29. gxh5 Qxh5 30. Rg1 Qh7 31. Qe3 c5 32. d5 exd5 33. Rg5 d4 34.
Qg3 b6 35. f5 Qh6 36. Qg4 f6 37. Rg6 Qc1 38. Qg2 Re8 39. Rxf6 Re1 40. Re6 Rh1+
0-1

[Event "Skakthing Reykjavikur"]
[Site "Reykjavik"]
[Date "2017.01.29"]
[Round "7"]
[White "Birkisson, Bardur Orn"]
[Black "Birkisson, Bjorn Holm"]
[Result "1/2-1/2"]
[WhiteElo "2175"]
[BlackElo "1979"]
[PlyCount "71"]
[EventDate "2017.01.08"]
[EventType "swiss"]
[EventRounds "9"]
[EventCountry "ISL"]

1. d4 Nf6 2. Nf3 g6 3. Bg5 Bg7 4. Nbd2 O-O 5. c3 h6 6. Bh4 d6 7. e4 e5 8. dxe5
dxe5 9. Bc4 Qe7 10. Bxf6 Bxf6 11. O-O Bg4 12. Qb3 c6 13. a4 Bxf3 14. Nxf3 Qc7
15. Rfd1 Nd7 16. a5 Nc5 17. Qc2 b5 18. axb6 axb6 19. b4 Nb7 20. g3 Nd6 21. Bf1
Rxa1 22. Rxa1 c5 23. b5 c4 24. Ra4 Qc5 25. Nd2 Qxb5 26. Nxc4 Nxc4 27. Bxc4 Qd7
28. Bd5 Rc8 29. Ra6 Bd8 30. Qb3 Kg7 31. Kg2 Rc5 32. Ra8 Qc7 33. c4 Ra5 34. Rxa5
bxa5 35. Qb5 Be7 36. h4 1/2-1/2

[Event "Skakthing Reykjavikur"]
[Site "Reykjavik"]
[Date "2017.01.29"]
[Round "7"]
[White "Arnarsson, Hrannar"]
[Black "Fivelstad, Jon Olav"]
[Result "0-1"]
[WhiteElo "2066"]
[BlackElo "1920"]
[PlyCount "94"]
[EventDate "2017.01.08"]
[EventType "swiss"]
[EventRounds "9"]
[EventCountry "ISL"]

1. e4 e5 2. d4 exd4 3. Qxd4 Nc6 4. Qe3 g6 5. Bd2 Bg7 6. Bc3 Nf6 7. Nd2 O-O 8.
O-O-O Ng4 9. Qg3 Bxc3 10. bxc3 d6 11. Be2 Nf6 12. h4 h5 13. Nh3 Bxh3 14. Qxh3
Qd7 15. Qe3 Kg7 16. f3 Rh8 17. Nc4 Qe6 18. Qg5 Rae8 19. Qb5 Rb8 20. Na5 a6 21.
Qg5 Ne5 22. Nb3 c5 23. Rd2 Rhd8 24. Rhd1 b6 25. Qe3 Ne8 26. f4 Nc4 27. Bxc4
Qxc4 28. Rd5 Nf6 29. Rxd6 Rxd6 30. Rxd6 Qxe4 31. Qd2 a5 32. Rxf6 a4 33. Na1
Kxf6 34. Qd6+ Kf5 35. Qxb8 Qxf4+ 36. Qxf4+ Kxf4 37. c4 Kg3 38. c3 Kxg2 39. Nc2
Kg3 40. Kd2 Kxh4 41. Ke2 Kg3 42. Ne3 h4 43. Kf1 h3 44. Kg1 f5 45. Nf1+ Kf3 46.
Kh2 Ke2 47. Ng3+ Kd3 0-1

[Event "Skakthing Reykjavikur"]
[Site "Reykjavik"]
[Date "2017.01.29"]
[Round "7"]
[White "Gislason, Gudmundur"]
[Black "Mai, Alexander Oliver"]
[Result "1-0"]
[WhiteElo "2332"]
[BlackElo "1837"]
[PlyCount "61"]
[EventDate "2017.01.08"]
[EventType "swiss"]
[EventRounds "9"]
[EventCountry "ISL"]

1. d4 Nf6 2. g3 g6 3. Bg2 Bg7 4. b3 O-O 5. Bb2 d5 6. Nf3 c6 7. O-O Bg4 8. h3
Bxf3 9. Bxf3 Nbd7 10. c4 Re8 11. cxd5 cxd5 12. Nc3 Nb6 13. Rc1 Qd7 14. Bg2 Rac8
15. a4 Na8 16. Qd3 Nc7 17. e3 a5 18. Ba3 Na6 19. Qb5 Qxb5 20. axb5 Nc7 21. b6
Na8 22. Nxd5 Rxc1 23. Rxc1 Nxd5 24. Bxd5 Nxb6 25. Bxb7 e6 26. Bc5 Na8 27. Ra1
Nc7 28. Rxa5 Rb8 29. Bf3 e5 30. Bd6 Rb5 31. Bxc7 1-0

[Event "Skakthing Reykjavikur"]
[Site "Reykjavik"]
[Date "2017.01.29"]
[Round "7"]
[White "Eliasson, Kristjan Orn"]
[Black "Mai, Aron Thor"]
[Result "1/2-1/2"]
[WhiteElo "1900"]
[BlackElo "1965"]
[PlyCount "44"]
[EventDate "2017.01.08"]
[EventType "swiss"]
[EventRounds "9"]
[EventCountry "ISL"]

1. e4 e5 2. Nf3 Nc6 3. d4 exd4 4. Nxd4 Nf6 5. Nxc6 bxc6 6. Bd3 d5 7. exd5 cxd5
8. O-O Be7 9. Nc3 O-O 10. h3 Be6 11. Bf4 c5 12. Re1 Qb6 13. Be5 Rfe8 14. Qf3
Rad8 15. Bxf6 Bxf6 16. Nxd5 Bxd5 17. Rxe8+ Rxe8 18. Qxd5 Qxb2 19. Rd1 Qc3 20.
Bc4 Re1+ 21. Rxe1 Qxe1+ 22. Bf1 Qa5 1/2-1/2

[Event "Skakthing Reykjavikur"]
[Site "Reykjavik"]
[Date "2017.01.29"]
[Round "7"]
[White "Arnarson, Smari"]
[Black "Antonsson, Atli"]
[Result "1/2-1/2"]
[WhiteElo "1501"]
[BlackElo "1857"]
[PlyCount "103"]
[EventDate "2017.01.08"]
[EventType "swiss"]
[EventRounds "9"]
[EventCountry "ISL"]

1. e4 c5 2. Nf3 d6 3. Bb5+ Bd7 4. Bxd7+ Qxd7 5. c4 Nc6 6. d4 cxd4 7. Nxd4 Nf6
8. Nc3 e6 9. f3 a6 10. Be3 Qc7 11. Rc1 Qa5 12. Nb3 Qh5 13. O-O Be7 14. Qd2 O-O
15. Ne2 Nd7 16. Nbd4 Rac8 17. b3 Rfd8 18. Nxc6 bxc6 19. Nc3 Ne5 20. Rfd1 Qg6
21. Kh1 d5 22. cxd5 Ba3 23. Rb1 cxd5 24. exd5 Bb4 25. Rbc1 h6 26. Qd4 Bxc3 27.
Rxc3 Rxc3 28. Qxc3 Qh5 29. Bf4 Ng6 30. Bg3 Rxd5 31. Rxd5 Qxd5 32. Qc8+ Kh7 33.
Qc2 Kg8 34. Qc8+ Kh7 35. Qc2 f5 36. h3 Qb5 37. Qc4 Qd7 38. Qxa6 Qd1+ 39. Kh2 f4
40. Bf2 Qd5 41. Qc4 Qd2 42. Qc5 Qxa2 43. b4 Ne7 44. b5 Nd5 45. b6 Qb3 46. Qc6
Ne3 47. Qe4+ Kh8 48. Qxf4 Nf1+ 49. Kg1 Qd1 50. Qd4 Nd2+ 51. Kh2 Nf1+ 52. Kg1
1/2-1/2

[Event "Skakthing Reykjavikur"]
[Site "Reykjavik"]
[Date "2017.01.29"]
[Round "7"]
[White "Kristjansson, Halldor"]
[Black "Jonsson, Olafur Gisli"]
[Result "0-1"]
[WhiteElo "1560"]
[BlackElo "1865"]
[PlyCount "94"]
[EventDate "2017.01.08"]
[EventType "swiss"]
[EventRounds "9"]
[EventCountry "ISL"]

1. e4 d6 2. d4 Nf6 3. Nc3 c6 4. Nf3 Bg4 5. Be2 Nbd7 6. O-O e5 7. dxe5 dxe5 8.
Bg5 Be7 9. Re1 O-O 10. Nd2 Be6 11. Be3 Qc7 12. Bf3 b5 13. a3 Nb6 14. b3 a5 15.
Qe2 Rfd8 16. h3 a4 17. Bxb6 Qxb6 18. b4 Qd4 19. Nxb5 cxb5 20. Red1 Qb6 21. Re1
Rac8 22. Rac1 Rc3 23. Nb1 Bc4 24. Nxc3 Bxe2 25. Bxe2 Rd2 26. Red1 Nxe4 27. Nxe4
Rxe2 28. Re1 Rxe1+ 29. Rxe1 g6 30. Rd1 f5 31. Rd7 fxe4 32. Rxe7 Qd4 33. Rc7 e3
34. fxe3 Qxe3+ 35. Kh1 Qc1+ 36. Kh2 Qf4+ 37. Kh1 e4 38. c4 e3 39. Re7 Qf1+ 40.
Kh2 e2 41. c5 e1=Q 42. Rxe1 Qxe1 43. c6 Qe4 44. g4 Qxc6 45. h4 Qf3 46. g5 Kf7
47. Kg1 Qe2 0-1

[Event "Skakthing Reykjavikur"]
[Site "Reykjavik"]
[Date "2017.01.29"]
[Round "7"]
[White "Briem, Stephan"]
[Black "Haraldsson, Sigurjon"]
[Result "1-0"]
[WhiteElo "1803"]
[BlackElo "1784"]
[PlyCount "83"]
[EventDate "2017.01.08"]
[EventType "swiss"]
[EventRounds "9"]
[EventCountry "ISL"]

1. d4 d5 2. c4 c6 3. Nf3 Nf6 4. Nc3 dxc4 5. a4 Bg4 6. Ne5 Bh5 7. Nxc4 e6 8. Bf4
Nd5 9. Bg3 Bb4 10. Qb3 a5 11. e3 O-O 12. Bd3 Nd7 13. O-O Bg6 14. Bxg6 hxg6 15.
Rfd1 N7f6 16. Rac1 Nh5 17. e4 Ndf4 18. Rc2 Qc7 19. Ne2 g5 20. Qf3 b5 21. Ne5
Nxe2+ 22. Qxe2 Nxg3 23. hxg3 bxa4 24. Nxc6 Qb7 25. d5 exd5 26. exd5 Rfe8 27.
Qh5 Qd7 28. Qxg5 Ra6 29. Rd4 f6 30. Qg6 a3 31. bxa3 Bxa3 32. Rh4 Rb6 33. Re4
Rxe4 34. Qxe4 Kf7 35. Nxa5 Rb5 36. Nc4 Bf8 37. Ne3 Rb6 38. Qf3 Rb1+ 39. Kh2 Bd6
40. Nf5 Rb5 41. Qh5+ Kg8 42. Nxd6 1-0

[Event "Skakthing Reykjavikur"]
[Site "Reykjavik"]
[Date "2017.01.29"]
[Round "7"]
[White "Gardarsson, Halldor"]
[Black "Sigurvaldason, Hjalmar"]
[Result "1-0"]
[WhiteElo "1783"]
[BlackElo "1464"]
[PlyCount "97"]
[EventDate "2017.01.08"]
[EventType "swiss"]
[EventRounds "9"]
[EventCountry "ISL"]

1. d4 d5 2. c4 Nc6 3. Nc3 dxc4 4. d5 Ne5 5. Qd4 Ng6 6. e4 e5 7. Qxc4 a6 8. a3
Bd6 9. Nf3 Nf6 10. g3 O-O 11. Bg2 h6 12. h4 Re8 13. b4 b5 14. Qd3 Bd7 15. h5
Nf8 16. Bh3 Bxh3 17. Rxh3 Qd7 18. Rh4 c6 19. dxc6 Qxc6 20. Bb2 Bc7 21. Rc1 Qb6
22. Nd5 Nxd5 23. Qxd5 Rec8 24. Rc6 Qb8 25. Nxe5 Bxe5 26. Rxc8 Qxc8 27. Qxe5 f6
28. Qd5+ Kh8 29. Kf1 Qd8 30. Rf4 Qxd5 31. exd5 Kg8 32. Rd4 Nd7 33. f4 Rd8 34.
Ke2 Nb6 35. Kd3 Nc4 36. Bc1 Kf7 37. Kc3 f5 38. Rd3 Ke7 39. Be3 Nxa3 40. Bc5+
Kd7 41. Re3 Re8 42. Rxe8 Kxe8 43. Bd4 Nc4 44. Bxg7 Ne3 45. Kd4 Nf1 46. Kc5 Nxg3
47. Kc6 Kd8 48. Bf6+ Kc8 49. d6 1-0

[Event "Skakthing Reykjavikur"]
[Site "Reykjavik"]
[Date "2017.01.29"]
[Round "7"]
[White "Briem, Hedinn"]
[Black "Gudmarsson, Olafur"]
[Result "1-0"]
[WhiteElo "1576"]
[BlackElo "1739"]
[PlyCount "57"]
[EventDate "2017.01.08"]
[EventType "swiss"]
[EventRounds "9"]
[EventCountry "ISL"]

1. d4 e6 2. Nf3 Nf6 3. Bg5 Be7 4. e3 Ne4 5. Bxe7 Qxe7 6. Nbd2 Nxd2 7. Qxd2 d5
8. Bd3 Nd7 9. O-O f5 10. c4 c6 11. c5 g5 12. Ne1 h5 13. f3 g4 14. e4 gxf3 15.
exf5 e5 16. Nxf3 e4 17. Rae1 Rg8 18. Bxe4 dxe4 19. Rxe4 Qxe4 20. Re1 Qxe1+ 21.
Qxe1+ Kf7 22. Qe6+ Kg7 23. Ng5 Nf8 24. Qf7+ Kh8 25. Qxh5+ Kg7 26. Qf7+ Kh8 27.
Qf6+ Rg7 28. Qxf8+ Rg8 29. Qh6# 1-0

[Event "Skakthing Reykjavikur"]
[Site "Reykjavik"]
[Date "2017.01.29"]
[Round "7"]
[White "Briem, Benedikt"]
[Black "Jonatansson, Sigurdur Freyr"]
[Result "1-0"]
[WhiteElo "1417"]
[BlackElo "1682"]
[PlyCount "99"]
[EventDate "2017.01.08"]
[EventType "swiss"]
[EventRounds "9"]
[EventCountry "ISL"]

1. d4 Nf6 2. c4 g6 3. Bf4 Bg7 4. Nf3 O-O 5. Nc3 a6 6. a4 e6 7. h3 Nc6 8. e3 d5
9. Ne5 Nh5 10. Nxc6 bxc6 11. Bh2 Rb8 12. Qc2 Re8 13. Be2 Nf6 14. Rb1 dxc4 15.
Bxc4 Nd5 16. O-O e5 17. dxe5 Bxe5 18. Bxe5 Rxe5 19. Rfd1 Qh4 20. Bxd5 cxd5 21.
Rxd5 Rxd5 22. Nxd5 Bf5 23. e4 Be6 24. Qxc7 Re8 25. g3 Qd8 26. h4 Qxc7 27. Nxc7
Re7 28. Nxe6 Rxe6 29. f3 Rb6 30. Rc1 Kg7 31. Rc4 Kf6 32. f4 Ke6 33. b4 Rd6 34.
b5 axb5 35. axb5 Rd1+ 36. Kf2 Rb1 37. Rc5 Kd6 38. Rd5+ Kc7 39. Re5 Kd6 40. Rd5+
Kc7 41. h5 Rb4 42. hxg6 hxg6 43. Kf3 Rb3+ 44. Kg4 Rb4 45. e5 Rb3 46. Rd6 Rxb5
47. Rf6 Kd7 48. Rxf7+ Ke8 49. Rf6 Rb6 50. Rxb6 1-0

[Event "Skakthing Reykjavikur"]
[Site "Reykjavik"]
[Date "2017.01.29"]
[Round "7"]
[White "Einarsson, Oskar Long"]
[Black "Karlsson, Isak Orri"]
[Result "1-0"]
[WhiteElo "1671"]
[BlackElo "1200"]
[PlyCount "61"]
[EventDate "2017.01.08"]
[EventType "swiss"]
[EventRounds "9"]
[EventCountry "ISL"]

1. e4 e5 2. Nf3 Nc6 3. Bb5 Nf6 4. d3 d6 5. h3 a6 6. Ba4 b5 7. Bb3 Na5 8. Nc3 h6
9. Be3 c6 10. O-O Nxb3 11. axb3 Be6 12. d4 exd4 13. Nxd4 c5 14. Nxe6 fxe6 15.
f4 b4 16. Na4 Nxe4 17. Qh5+ Ke7 18. f5 Nf6 19. Qg6 e5 20. Rad1 Qe8 21. Qg3 Kf7
22. Rfe1 Be7 23. Nb6 Rb8 24. Nc4 Rd8 25. Ra1 Qc6 26. Qxe5 Qxg2+ 27. Kxg2 dxe5
28. Nxe5+ Ke8 29. Ng6 Rg8 30. Bxc5 Rd2+ 31. Kf3 1-0

[Event "Skakthing Reykjavikur"]
[Site "Reykjavik"]
[Date "2017.01.29"]
[Round "7"]
[White "Vignisson, Ingvar Egill"]
[Black "Heidarsson, Arnar"]
[Result "1-0"]
[WhiteElo "1652"]
[BlackElo "1376"]
[PlyCount "67"]
[EventDate "2017.01.08"]
[EventType "swiss"]
[EventRounds "9"]
[EventCountry "ISL"]

1. e4 e5 2. Nf3 Nc6 3. Bb5 a6 4. Ba4 Nf6 5. O-O b5 6. Bb3 Bc5 7. d3 h6 8. c3
O-O 9. Nxe5 Nxe5 10. d4 Nxe4 11. dxc5 Nxc5 12. Qd5 Nxb3 13. axb3 Nc6 14. Be3
Qf6 15. Nd2 Qe6 16. Qf3 Bb7 17. Qg3 Ne5 18. Bd4 d6 19. f4 Ng4 20. f5 Qe2 21.
Rf2 Qe7 22. Qxg4 f6 23. Re2 Qd7 24. Re6 Qd8 25. Rae1 Rf7 26. Ne4 Bxe4 27. Qxe4
c5 28. Re8+ Qxe8 29. Qxe8+ Rxe8 30. Rxe8+ Kh7 31. Bf2 Rc7 32. Re6 Rc6 33. Bg3
b4 34. Rxd6 1-0

[Event "Skakthing Reykjavikur"]
[Site "Reykjavik"]
[Date "2017.01.29"]
[Round "7"]
[White "Omarsson, Adam"]
[Black "Sigurdarson, Sveinn"]
[Result "0-1"]
[WhiteElo "1070"]
[BlackElo "1295"]
[PlyCount "50"]
[EventDate "2017.01.08"]
[EventType "swiss"]
[EventRounds "9"]
[EventCountry "ISL"]

1. d4 Nf6 2. c4 e6 3. Nc3 Bb4 4. Bd2 O-O 5. Nf3 d5 6. c5 Nc6 7. Ne5 Nxe5 8. Qa4
Bxc3 9. Bxc3 Nc6 10. e3 a6 11. Be2 Ne4 12. O-O Nxc3 13. bxc3 e5 14. Bxa6 Rxa6
15. Qb3 Na5 16. Qc2 Qf6 17. dxe5 Qxe5 18. Rfe1 Bf5 19. Qd2 Nc4 20. Qe2 Qxc3 21.
Rac1 Qa5 22. Qh5 g6 23. Qh4 Qxc5 24. Re2 Qd6 25. Rc3 Qf6 0-1

[Event "Skakthing Reykjavikur"]
[Site "Reykjavik"]
[Date "2017.01.29"]
[Round "7"]
[White "Petursson, Armann"]
[Black "Kristbergsson, Bjorgvin"]
[Result "1-0"]
[WhiteElo "1256"]
[BlackElo "1071"]
[PlyCount "55"]
[EventDate "2017.01.08"]
[EventType "swiss"]
[EventRounds "9"]
[EventCountry "ISL"]

1. c4 c5 2. g3 g6 3. Bg2 Bg7 4. Nc3 Bxc3 5. bxc3 Nc6 6. e3 Nf6 7. Ne2 g5 8. d4
cxd4 9. cxd4 a6 10. O-O h5 11. Nc3 Na7 12. Bb2 Rg8 13. Ne4 Rg6 14. Nxf6+ exf6
15. Qxh5 Rg8 16. Bd5 Qe7 17. a4 Nc6 18. Ba3 d6 19. c5 Be6 20. cxd6 Qd7 21. Bxe6
Qxe6 22. Qh7 O-O-O 23. Qd3 Rh8 24. f3 Rh3 25. Rac1 Qd7 26. d5 Rdh8 27. Rf2 Kb8
28. dxc6 1-0

[Event "Skakthing Reykjavikur"]
[Site "Reykjavik"]
[Date "2017.01.29"]
[Round "7"]
[White "Thorisson, Bjartur"]
[Black "Thorisson, Benedikt"]
[Result "0-1"]
[WhiteElo "1010"]
[BlackElo "1061"]
[PlyCount "40"]
[EventDate "2017.01.08"]
[EventType "swiss"]
[EventRounds "9"]
[EventCountry "ISL"]

1. e4 c5 2. Nf3 e6 3. d4 cxd4 4. Nxd4 Nc6 5. Nc3 Qc7 6. Be3 Nf6 7. Bd3 a6 8.
O-O b5 9. Qd2 Bb4 10. a3 Ba5 11. b4 Bb6 12. Rad1 Bxd4 13. Bxd4 Nxd4 14. Rfe1
O-O 15. e5 Ng4 16. Qg5 Nh6 17. Re4 Qxc3 18. Rde1 Bb7 19. R4e3 Nxc2 20. Bxc2
Qxc2 0-1